书目信息 |
| 题名: |
曲式与作品分析基础
|
|
| 作者: | 高为杰 , 吴春福 编著 | |
| 分册: | ||
| 出版信息: | 北京 人民音乐出版社 2021.1 |
|
| 页数: | 377页 | |
| 开本: | 26cm | |
| 丛书名: | 全国普通高等学校音乐学本科专业教材 | |
| 单 册: | ||
| 中图分类: | J614.3 | |
| 科图分类: | ||
| 主题词: | 曲式--分析--高等学校--教材 , 乐曲--曲式--分析--高等学校--教材 | |
| 电子资源: | ||
| ISBN: | 978-7-103-03903-8 | |
| 000 | 01346nam 2200325 45 | |
| 001 | 012001000619 | |
| 005 | 20130909105904.0 | |
| 010 | @a978-7-103-03903-8@dCNY78.00 | |
| 016 | @aCN-M26-11-310-01@b光盘 | |
| 099 | @aCAL 012011289499 | |
| 100 | @a20110503d2011 ek y0chiy0110 ea | |
| 101 | 0 | @achi |
| 102 | @aCN@b110000 | |
| 105 | @ag a 000yy | |
| 106 | @ar | |
| 200 | 1 | @a曲式与作品分析基础@Aqu shi yu zuo pin fen xi ji chu@f高为杰, 吴春福编著 |
| 210 | @a北京@c人民音乐出版社@d2021.1 | |
| 215 | @a377页@d26cm@e光盘1片 | |
| 225 | 2 | @a全国普通高等学校音乐学本科专业教材@Aquan guo pu tong gao deng xue xiao yin yue xue ben ke zhuan ye jiao cai |
| 320 | @a有书目 (第377页) | |
| 330 | @a本书为全国普通高等学校音乐学本科专业教材,通过大量的分析各种类型的音乐作品,以掌握曲式与作品分析的基本技术理论为主要内容,注重理论阐述与实例分析相结合,指导读者更深入地掌握音乐作品的形式与内容。此外,在本书的光盘中还附有音响及部分谱例,以便读者更好的学习。 | |
| 333 | @a音乐爱好者、音乐学院相关专业师生及相关读者。 | |
| 461 | 0 | @12001 @a全国普通高等学校音乐学本科专业教材 |
| 606 | 0 | @a曲式@x分析@x高等学校@j教材 |
| 606 | 0 | @a乐曲@x曲式@x分析@x高等学校@j教材 |
| 690 | @aJ614.3@v5 | |
| 701 | 0 | @a高为杰@Agao wei jie@4编著 |
| 701 | 0 | @a吴春福@Awu chun fu@4编著 |
| 801 | @aCN@b江苏凤凰@c20211018 | |
| 905 | @b1340364-7@dJ614.3@e1253@f4 | |
| 曲式与作品分析基础/高为杰, 吴春福编著.-北京:人民音乐出版社,2021.1 |
| 377页;26cm+光盘1片.-(全国普通高等学校音乐学本科专业教材) |
| 使用对象:音乐爱好者、音乐学院相关专业师生及相关读者。 |
| ISBN 978-7-103-03903-8:CNY78.00 |
| 本书为全国普通高等学校音乐学本科专业教材,通过大量的分析各种类型的音乐作品,以掌握曲式与作品分析的基本技术理论为主要内容,注重理论阐述与实例分析相结合,指导读者更深入地掌握音乐作品的形式与内容。此外,在本书的光盘中还附有音响及部分谱例,以便读者更好的学习。 |
| ● |
| 相关链接 |
|
|
|
|
正题名:曲式与作品分析基础
索取号:J614.3/1253
 
预约/预借
| 序号 | 登录号 | 条形码 | 馆藏地/架位号 | 状态 | 备注 |
| 1 | 1340364 | 213403645 | 第一样本阅览室/ [索取号:J614.3/1253] | 在馆 | |
| 2 | 1340365 | 213403654 | 第一借阅区/ [索取号:J614.3/1253] | 在馆 | |
| 3 | 1340366 | 213403663 | 第一借阅区/ [索取号:J614.3/1253] | 在馆 | |
| 4 | 1340367 | 213403672 | 第一借阅区/ [索取号:J614.3/1253] | 在馆 |